平成に消滅・改称した福島県の市町村 - Statistics

General Stats
  • This quiz has been taken 40 times
  • The average score is 33 of 41
Answer Stats
変更年月日 変更内容 回答 変更後の市町村 % Correct
2004.11/01 編入合併 北会津村 会津若松市
95%
2005.12/01 新設合併 二本松市 二本松市
95%
2006.01/01 新設合併 原町市 南相馬市
95%
2006.01/01 新設合併 鹿島町 南相馬市
95%
2006.01/01 新設合併 伊達町 伊達市
95%
2006.01/04 新設合併 熱塩加納村 喜多方市
95%
2007.01/01 新設合併 本宮町 本宮市
95%
1992.04/01 町名改称 本郷町 会津本郷町
89%
2005.03/01 新設合併 都路村 田村市
89%
2006.01/01 新設合併 小高町 南相馬市
89%
2006.03/20 新設合併 田島町 南会津町
89%
2005.03/01 新設合併 船引町 田村市
84%
2005.10/01 新設合併 会津本郷町 会津美里町
84%
2005.11/07 新設合併 白河市 白河市
84%
2006.01/01 新設合併 梁川町 伊達市
84%
2006.01/01 新設合併 保原町 伊達市
84%
2006.01/01 新設合併 霊山町 伊達市
84%
2006.01/04 新設合併 喜多方市 喜多方市
84%
2007.01/01 新設合併 白沢村 本宮市
84%
2005.03/01 新設合併 大越町 田村市
79%
2005.03/01 新設合併 常葉町 田村市
79%
2005.10/01 新設合併 会津高田町 会津美里町
79%
2005.11/01 編入合併 河東町 会津若松市
79%
2005.11/07 新設合併 大信村 白河市
79%
2005.12/01 新設合併 東和町 二本松市
79%
2006.01/04 新設合併 山都町 喜多方市
79%
2006.03/20 新設合併 舘岩村 南会津町
79%
2005.04/01 編入合併 長沼町 須賀川市
74%
2005.11/07 新設合併 表郷村 白河市
74%
2005.12/01 新設合併 安達町 二本松市
74%
2005.12/01 新設合併 岩代町 二本松市
74%
2006.03/20 新設合併 伊南村 南会津町
74%
2005.03/01 新設合併 滝根町 田村市
68%
2005.04/01 編入合併 岩瀬村 須賀川市
68%
2006.01/01 新設合併 月舘町 伊達市
68%
2006.03/20 新設合併 南郷村 南会津町
68%
2008.07/01 編入合併 飯野町 福島市
68%
2005.10/01 新設合併 新鶴村 会津美里町
63%
2005.11/07 新設合併 東村 白河市
63%
2006.01/04 新設合併 塩川町 喜多方市
63%
2006.01/04 新設合併 高郷村 喜多方市
58%
No matching quizzes found
Score Distribution
Percent of People with Each Score
Percentile by Number Answered
Your Score History
You have not taken this quiz